Every H.E.R. Song on the Billboard Hot 100 - Statistics

General Stats
  • This quiz has been taken 20 times
    11 since last reset
  • The average score is 4 of 8
Answer Stats
# Year Song % Correct
100 2018 Focus
67%
43 2020 Slide ft. YG
67%
81 2018 Best Part (Daniel Caesar)
56%
64 2021 Come Through (Chris Brown)
56%
76 2018 Could've Been ft. Bryson Tiller
56%
44 2021 Damage
56%
24 2020 B.S. (Jhene Aiko)
22%
97 2021 Girl Like Me (Jazmine Sullivan)
11%
No matching quizzes found
Score Distribution
Percent of People with Each Score
Percentile by Number Answered
Your Score History
You have not taken this quiz since the last reset